[Event "POLFINALY MISTRZOSTW POLSKI JUNIOROW 2021 C-15"]
[Site "Jatrzebia Gora"]
[Date "1899-12-30"]
[Round "2.9"]
[White "Dysko, Michal"]
[Black "Malinowski, Szymon"]
[Result "1-0"]
[WhiteTitle "II"]
[BlackTitle "I"]
[WhiteElo "1222"]
[BlackElo "1601"]

1. e4 c6 2. Nc3 d5 3. Nf3 Bg4 4. h3 Bh5 5. exd5 cxd5 6. g4 Bg6 7. Bb5+ Nc6 8. Ne5
Qd6 9. d4 Rc8 10. Qe2 Nf6 11. Bf4 Qb4 12. O-O-O e6 13. Bxc6+ Kd8 14. Qb5 Qxb5
15. Bxb5 Rxc3 16. bxc3 Ne4 17. Kb2 Nxf2 18. Nxg6 hxg6 19. Rdf1 Nxh1 20. Rxh1 Be7
21. Bf1 g5 22. Bg3 a6 23. Bg2 b5 24. Rf1 f6 25. Kb3 Kd7 26. a4 bxa4+ 27. Kxa4
Rc8 28. Kb3 g6 29. Ra1 Rc6 30. Ra4 Rb6+ 31. Ka2 Rc6 32. Kb2 f5 33. Bf1 f4 34.
Bf2 Rb6+ 35. Kc1 Bd6 36. Rxa6 Rb7 37. Bd3 f3 38. Kd2 Bf4+ 39. Be3 Bg3 40. Ra1
1-0

[Event "POLFINALY MISTRZOSTW POLSKI JUNIOROW 2021 C-15"]
[Site "Jatrzebia Gora"]
[Date "1899-12-30"]
[Round "2.10"]
[White "Pisarek, Jan"]
[Black "Rumniak, Aleksy"]
[Result "1/2-1/2"]
[WhiteTitle "I"]
[BlackTitle "II"]
[WhiteElo "1583"]
[BlackElo "1204"]

1. e4 c5 2. Nf3 Nc6 3. d4 cxd4 4. Nxd4 g6 5. Nc3 Bg7 6. Nb3 Nf6 7. Be2 O-O 8. O-O
d6 9. Bg5 a6 10. Re1 b5 11. Bf1 Be6 12. a4 b4 13. Nd5 Bxd5 14. exd5 Ne5 15. a5
Qc7 16. Bxf6 Bxf6 17. Re4 Nd7 18. Ra2 Rfb8 19. Qd2 Qb7 20. Ra4 Nc5 21. Raxb4 Nxe4
22. Rxe4 Bxb2 23. Qe3 Bf6 24. Bc4 Qc7 25. g4 Rb4 26. Qd3 Rc8 27. Bxa6 Rxe4 28.
Qxe4 Qxc2 29. Qxc2 Rxc2 30. Bb7 Ra2 31. a6 Bh4 32. Nc1 Ra1 33. Kg2 1/2-1/2

[Event "POLFINALY MISTRZOSTW POLSKI JUNIOROW 2021 C-15"]
[Site "Jatrzebia Gora"]
[Date "1899-12-30"]
[Round "2.11"]
[White "Szymkiewicz, Witold"]
[Black "Trzebinski, Patryk"]
[Result "0-1"]
[WhiteTitle "I"]
[BlackTitle "I+"]
[WhiteElo "1552"]
[BlackElo "1767"]

1. e4 c5 2. Nf3 d6 3. Nc3 Nf6 4. d4 cxd4 5. Nxd4 g6 6. Bb5+ Bd7 7. Bxd7+ Nbxd7
8. f4 Bg7 9. Nb3 O-O 10. Be3 b5 11. Qf3 b4 12. Nb5 Qc8 13. Rc1 Qc4 14. N5d4 e5
15. Nd2 Qxa2 16. Ne2 Qxb2 17. O-O Rfc8 18. f5 d5 19. fxg6 fxg6 20. g4 d4 21. Bg5
h6 22. h4 hxg5 23. hxg5 Qa3 24. Nb3 Qa6 25. gxf6 Qxf6 26. Nbxd4 Qxf3 27. Nxf3
a5 28. Nd2 Bh6 29. Rfd1 Nb6 30. c3 Rd8 31. Rc2 b3 32. Rb2 Nc4 33. Nxc4 Rxd1+ 34.
Kf2 a4 35. Na3 Rf8+ 36. Kg2 Rd2 0-1

[Event "POLFINALY MISTRZOSTW POLSKI JUNIOROW 2021 C-15"]
[Site "Jatrzebia Gora"]
[Date "1899-12-30"]
[Round "2.12"]
[White "Rzenca, Jerzy"]
[Black "Bem, Tymoteusz"]
[Result "1-0"]
[WhiteTitle "I"]
[BlackTitle "II"]
[WhiteElo "1568"]
[BlackElo "1262"]

1. e4 c5 2. Nc3 Nc6 3. f4 g6 4. Nf3 Bg7 5. Bb5 Nd4 6. O-O a6 7. Bd3 e6 8. Nxd4
cxd4 9. Ne2 Ne7 10. b3 O-O 11. Qe1 Nc6 12. Ba3 Re8 13. Bd6 f5 14. e5 Bf8 15. Bxf8
Rxf8 16. Qf2 Qa5 17. Nxd4 Nxd4 18. Qxd4 Qxd2 19. Qc5 a5 20. a3 b6 21. Qd4 a4 22.
b4 Bb7 23. Rf2 1-0

[Event "POLFINALY MISTRZOSTW POLSKI JUNIOROW 2021 C-15"]
[Site "Jatrzebia Gora"]
[Date "1899-12-30"]
[Round "2.13"]
[White "Miler, Franciszek"]
[Black "Rzepka, Marcin"]
[Result "1-0"]
[WhiteTitle "I"]
[BlackTitle "II"]
[WhiteElo "1479"]
[BlackElo "1336"]

1. c4 Nf6 2. Nc3 g6 3. g3 Bg7 4. Bg2 O-O 5. d3 d6 6. Nf3 c5 7. Rb1 Nc6 8. a3 a5
9. Bd2 Rb8 10. Nb5 Bd7 11. O-O Re8 12. e4 Qc8 13. Re1 Bg4 14. Bc3 Qd7 15. Qd2
b6 16. Nh4 e5 17. f3 Be6 18. f4 Nd4 19. Bxd4 cxd4 20. f5 gxf5 21. exf5 Bxf5 22.
Nxf5 Qxf5 23. Nxd6 Qg6 24. Nxe8 Rxe8 25. Rf1 Bh6 26. Qe2 Be3+ 27. Kh1 e4 28. dxe4
Nxe4 29. Bxe4 Qxe4+ 30. Qf3 Qe6 31. Qd5 Qg6 32. Rf5 Qe6 33. Rbf1 Qxd5+ 34. Rxd5
Rc8 35. b3 h6 36. Rd7 Rf8 37. Kg2 f5 38. Kf3 f4 39. g4 Re8 40. Re1 Kf8 41. h4
Kg8 42. g5 h5 43. Rxd4 1-0

[Event "POLFINALY MISTRZOSTW POLSKI JUNIOROW 2021 C-15"]
[Site "Jatrzebia Gora"]
[Date "1899-12-30"]
[Round "2.14"]
[White "Halhoul, Adam"]
[Black "Klisowski, Bartosz"]
[Result "1-0"]
[WhiteTitle "I"]
[BlackTitle "II+"]
[WhiteElo "1777"]
[BlackElo "1392"]

1. d4 Nf6 2. c4 c5 3. d5 b5 4. Qc2 e6 5. e4 bxc4 6. Bxc4 exd5 7. exd5 Be7 8. Nf3
O-O 9. O-O d6 10. h3 Nbd7 11. b3 Nb6 12. Nc3 Bd7 13. Re1 Re8 14. Bf4 Nxc4 15.
bxc4 g6 16. Qd2 Bf8 17. Rxe8 Qxe8 18. Re1 Qc8 19. Ng5 Nh5 20. Nge4 Nxf4 21. Qxf4
f5 22. Ng5 Bh6 23. Qh4 Bxg5 24. Qxg5 Qf8 25. Re7 Be8 26. Ne2 Bf7 27. Nf4 Re8 28.
Rd7 Re1+ 29. Kh2 Re8 30. Nh5 Kh8 31. Qf6+ Kg8 32. Ng3 Qg7 33. Qxd6 Qe5 34. Qxe5
Rxe5 35. f4 Re3 36. Rc7 Rc3 37. Rxc5 Rc2 38. d6 Rd2 39. Rc6 Kf8 40. Nf1 Rd4 41.
Rc8+ Kg7 42. c5 Kf6 43. Rc7 Ke6 44. Re7+ Kf6 45. Rxa7 Rxf4 46. Ne3 Rd4 47. a4
f4 48. Ng4+ Ke6 49. Re7+ 1-0

[Event "POLFINALY MISTRZOSTW POLSKI JUNIOROW 2021 C-15"]
[Site "Jatrzebia Gora"]
[Date "1899-12-30"]
[Round "2.15"]
[White "Pieczulis, Hubert"]
[Black "Nowak, Filip"]
[Result "1-0"]
[WhiteTitle "I"]
[BlackTitle "I"]
[WhiteElo "1379"]
[BlackElo "1757"]

1. d4 d5 2. c4 c6 3. Nf3 Nf6 4. Qc2 e6 5. e3 Nbd7 6. Bd3 Be7 7. Nc3 O-O 8. O-O
Qc7 9. Re1 b6 10. e4 dxe4 11. Nxe4 Nxe4 12. Rxe4 Bb7 13. Rg4 Nf6 14. Rg3 Bd6 15.
Rh3 g6 16. Bg5 Ng4 17. Rh4 f5 18. h3 Nf6 19. c5 Be7 20. Re1 Bc8 21. Bf4 Qd8 22.
Bg5 Nd5 23. Qd2 b5 24. Bxe7 Qxe7 25. Qh6 a5 26. Ne5 Bb7 27. Nxg6 hxg6 28. Qh8+
Kf7 29. Rh7+ Ke8 30. Rxe7+ Kxe7 31. Qg7+ 1-0

[Event "POLFINALY MISTRZOSTW POLSKI JUNIOROW 2021 C-15"]
[Site "Jatrzebia Gora"]
[Date "1899-12-30"]
[Round "2.16"]
[White "Goral, Jan"]
[Black "Dembicki, Karol"]
[Result "1-0"]
[WhiteTitle "I"]
[BlackTitle "II"]
[WhiteElo "1672"]
[BlackElo "1380"]

1. Nf3 c5 2. c4 Nf6 3. g3 e6 4. Bg2 d5 5. cxd5 Nxd5 6. O-O Be7 7. d4 cxd4 8. Nxd4
O-O 9. Qb3 Nb4 10. Rd1 Qc7 11. Na3 Rd8 12. Bf4 Qb6 13. Ndb5 N8c6 14. Bc7 Rxd1+
15. Rxd1 Qc5 16. e3 a6 17. Nc3 b6 18. Na4 Qh5 19. Bxc6 Nxc6 20. Nxb6 Ne5 21. Nxc8
Nf3+ 22. Kg2 Rxc8 23. Qb7 Rxc7 24. Qa8+ Bf8 25. Qxf3 Qe5 26. Rd4 g6 27. Nc4 Qb5
28. b3 Qc5 29. Qa8 Rc8 30. Qxa6 Bg7 31. Rd7 Rc6 32. Qb7 Rc8 33. Rxf7 Bc3 1-0

[Event "POLFINALY MISTRZOSTW POLSKI JUNIOROW 2021 C-15"]
[Site "Jatrzebia Gora"]
[Date "1899-12-30"]
[Round "2.17"]
[White "Marek, Grzegorz"]
[Black "Turowski, Maciej"]
[Result "0-1"]
[WhiteTitle "II"]
[BlackTitle "II+"]
[WhiteElo "1350"]
[BlackElo "1540"]

1. e4 d5 2. exd5 Qxd5 3. Nc3 Qd6 4. d4 Nf6 5. Nf3 a6 6. Bc4 b5 7. Bb3 Bb7 8. O-O
e6 9. Re1 Be7 10. Ng5 Bd5 11. Nxd5 Nxd5 12. Ne4 Qd8 13. Qg4 O-O 14. Ng5 Nf6 15.
Qf3 Nd5 16. Nh3 Nc6 17. c3 Bf6 18. Bxd5 Qxd5 19. Qxd5 exd5 20. Bf4 Rac8 21. a3
Na5 22. b4 Nc4 23. a4 a5 24. bxa5 b4 25. Bg5 Bxg5 26. Nxg5 b3 27. Nf3 b2 28. Rad1
Rfe8 29. Ne5 Na3 30. Rb1 Nxb1 31. Rxb1 f6 32. Nc6 Re2 33. Kf1 Rce8 34. Nb4 Re1+
35. Rxe1 Rxe1+ 36. Kxe1 b1=Q+ 37. Kd2 Qb3 38. a6 Qxa4 39. Ke3 Qb5 40. g3 c5 41.
a7 cxd4+ 42. cxd4 Qa5 43. Nxd5 Qxd5 0-1

[Event "POLFINALY MISTRZOSTW POLSKI JUNIOROW 2021 C-15"]
[Site "Jatrzebia Gora"]
[Date "1899-12-30"]
[Round "2.18"]
[White "Jankowski, Franciszek"]
[Black "Fojcik, Kacper"]
[Result "1-0"]
[WhiteTitle "II+"]
[BlackTitle "II"]
[WhiteElo "1522"]
[BlackElo "1345"]

1. d4 Nf6 2. c4 c5 3. d5 b5 4. cxb5 a6 5. b6 g6 6. Nc3 d6 7. e4 Bg7 8. Nf3 O-O
9. Be2 Qxb6 10. O-O Nbd7 11. Nd2 Bb7 12. Nc4 Qc7 13. Bf4 Nb6 14. Qd2 Nxc4 15.
Bxc4 Rfe8 16. Rfe1 Ng4 17. Be2 Ne5 18. Bh6 Bh8 19. f4 Nd7 20. Bg4 Bc8 21. Re2
Nf6 22. Bf3 Ng4 23. Bg5 Bf6 24. Bxf6 exf6 25. h3 Nh6 26. g4 Kg7 27. Rae1 Bd7 28.
e5 fxe5 29. fxe5 Rad8 30. e6 fxe6 31. dxe6 Bc6 32. Nd5 Bxd5 33. Bxd5 Qe7 34. Qc3+
Kg8 35. Rf2 Rf8 36. Rf7 1-0

[Event "POLFINALY MISTRZOSTW POLSKI JUNIOROW 2021 C-15"]
[Site "Jatrzebia Gora"]
[Date "1899-12-30"]
[Round "2.19"]
[White "Gbiorczyk, Mikolaj"]
[Black "Chmura, Eryk"]
[Result "1-0"]
[WhiteTitle "II"]
[BlackTitle "II"]
[WhiteElo "1487"]
[BlackElo "1343"]

1. e4 c5 2. Nf3 g6 3. d4 cxd4 4. Qxd4 Nf6 5. Nc3 Nc6 6. Qa4 d6 7. e5 dxe5 8. Nxe5
Qd4 9. Nxc6 Qxa4 10. Nxa4 bxc6 11. Be3 Bg7 12. O-O-O O-O 13. Be2 Bf5 14. c4 Nd7
15. g4 Be6 16. b3 Rfc8 17. Nc5 Nxc5 18. Bxc5 Rc7 19. f4 a5 20. Kc2 f5 21. g5 Kf7
22. Rhe1 h6 23. h4 hxg5 24. hxg5 a4 25. b4 Rh8 26. Rh1 Rcc8 27. a3 Rcd8 28. Rde1
Rxh1 29. Rxh1 Rh8 30. Rxh8 Bxh8 31. Be3 Ke8 32. Bd2 Bd4 33. Bc1 Kd7 34. Kd3 Ba1
35. Bd1 Kc7 36. Bxa4 Kb6 37. Be3+ Kc7 38. Bd4 Bxd4 39. Kxd4 Kd6 40. Bd1 Bc8 41.
c5+ Kc7 42. Bb3 Kb7 43. Bf7 Ka6 44. a4 1-0

[Event "POLFINALY MISTRZOSTW POLSKI JUNIOROW 2021 C-15"]
[Site "Jatrzebia Gora"]
[Date "1899-12-30"]
[Round "2.20"]
[White "Bajer, Tomasz"]
[Black "Zyto, Karol"]
[Result "1/2-1/2"]
[WhiteTitle "II"]
[BlackTitle "II"]
[WhiteElo "1308"]
[BlackElo "1472"]

1. e4 c5 2. Nc3 Nc6 3. f4 d6 4. Nf3 g6 5. Bb5 Bg7 6. O-O Bd7 7. Bxc6 Bxc6 8. d3
Nf6 9. Qe1 O-O 10. f5 b5 11. Qh4 b4 12. Ne2 Qd7 13. Ng3 a5 14. Ng5 h6 15. Nh3
h5 16. Ng5 e5 17. h3 Qe7 18. Nf3 Qd7 19. Bg5 Nh7 20. f6 Bh8 21. Nd2 Rfe8 22. Nc4
Ra6 23. Rf3 d5 24. Nd2 Nf8 25. Ne2 dxe4 26. Nxe4 Bxe4 27. dxe4 Rd6 28. Kf2 Nh7
29. g4 Nxg5 30. Qxg5 Ree6 31. gxh5 Rxf6 32. hxg6 Rxf3+ 33. Kxf3 Qxh3+ 34. Ng3
Rf6+ 35. Ke2 Rxg6 36. Qd8+ Kg7 37. Rh1 Qg2+ 38. Kd1 Qxh1+ 39. Nxh1 Rg1+ 40. Kd2
Rxh1 41. Qxa5 Rh2+ 42. Kd3 c4+ 43. Kxc4 Rxc2+ 44. Kb3 Re2 45. Qxe5+ Kg8 46. Qg5+
Kf8 47. Qd8+ Kg7 48. Qd3 Rg2 49. Qh3 Rd2 50. Qe3 Rg2 51. Kxb4 Rxb2+ 52. Ka3 Rb7
53. Qc3+ Kh7 54. Qc5 Bg7 55. Qf5+ Kg8 56. Qc8+ Bf8+ 57. Ka4 Rb4+ 1/2-1/2

[Event "POLFINALY MISTRZOSTW POLSKI JUNIOROW 2021 C-15"]
[Site "Jatrzebia Gora"]
[Date "1899-12-30"]
[Round "3.1"]
[White "Kubik, Rafal"]
[Black "Kotowicz, Kamil"]
[Result "1-0"]
[WhiteTitle "I+"]
[BlackTitle "I"]
[WhiteElo "1718"]
[BlackElo "1765"]

1. e4 c6 2. d4 d5 3. Nc3 dxe4 4. Nxe4 Bf5 5. Ng3 Bg6 6. Nh3 Nd7 7. Nf4 e5 8. dxe5
Qa5+ 9. c3 Qxe5+ 10. Be2 Ngf6 11. O-O Qc7 12. Re1 O-O-O 13. Qa4 Kb8 14. Nxg6 hxg6
15. Bf4 Bd6 16. Bxd6 Qxd6 17. Rad1 Nb6 18. Qc2 Qc7 19. b4 Rxd1 20. Rxd1 Nbd5 21.
Bf3 Qe5 22. Rc1 Rh4 23. Qb3 g5 24. b5 c5 25. Rd1 c4 26. Qa3 Qe7 27. Qxe7 Nxe7
28. Rd8+ Kc7 29. Rf8 Nfd5 30. Rxf7 Kd6 31. Bxd5 Nxd5 32. Rxg7 Rh8 33. Ne2 Rd8
34. Kf1 Ke5 35. Rxg5+ Kf6 36. Rg4 Nb4 37. Rd4 Rxd4 38. Nxd4 Nxa2 39. Ne2 a5 40.
bxa6 bxa6 41. Ke1 Ke5 42. Kd2 a5 43. Kc2 Ke4 44. h4 a4 45. Kb2 Kd3 46. Kxa2 Kxe2
47. h5 Kd2 48. h6 Kxc3 49. h7 Kd2 50. h8=Q c3 51. Qd4+ Kc2 52. f4 1-0

[Event "POLFINALY MISTRZOSTW POLSKI JUNIOROW 2021 C-15"]
[Site "Jatrzebia Gora"]
[Date "1899-12-30"]
[Round "3.2"]
[White "Wilk, Igor"]
[Black "Demski, Michal"]
[Result "1-0"]
[WhiteTitle "I+"]
[BlackTitle "I+"]
[WhiteElo "1712"]
[BlackElo "1756"]

1. e4 e5 2. Nf3 Nc6 3. Bc4 Nf6 4. d3 Be7 5. c3 O-O 6. Bb3 d6 7. O-O h6 8. Re1 Kh8
9. d4 Bg4 10. d5 Nb8 11. h3 Bh5 12. Nbd2 Nbd7 13. Nf1 Nc5 14. Bc2 a5 15. Ng3 Bg6
16. b4 axb4 17. cxb4 Ncd7 18. Nh2 Nh7 19. Ng4 Bg5 20. Bxg5 Qxg5 21. a4 Nhf6 22.
Ne3 Nh5 23. Ngf5 Bxf5 24. Nxf5 Nf4 25. Qg4 Rfc8 26. g3 Nh5 27. Qxg5 hxg5 28. Bb3
g6 29. Ne3 Nhf6 30. f3 Kg7 31. Nc4 Ne8 32. a5 Nb8 33. Ba4 Na6 34. Reb1 Kf6 35.
Bxe8 Rxe8 36. b5 Nc5 37. b6 cxb6 38. Rxb6 Ra6 39. Nxd6 Rea8 40. Rab1 Kg7 41. Rxa6
Rxa6 42. Nc4 f5 43. Rb5 Nd3 44. Rxb7+ Kh6 45. exf5 Rf6 46. g4 Nf4 47. Nxe5 Nxh3+
48. Kh2 gxf5 49. Kxh3 fxg4+ 50. Nxg4+ 1-0

[Event "POLFINALY MISTRZOSTW POLSKI JUNIOROW 2021 C-15"]
[Site "Jatrzebia Gora"]
[Date "1899-12-30"]
[Round "3.3"]
[White "Kusiak, Mateusz"]
[Black "Wesolek, Krzysztof"]
[Result "1-0"]
[WhiteTitle "I+"]
[BlackTitle "I"]
[WhiteElo "1755"]
[BlackElo "1570"]

1. e4 e5 2. Nf3 Nf6 3. Nxe5 d6 4. Nf3 Nxe4 5. c4 Be7 6. d4 d5 7. Bd3 Bf5 8. O-O
Nc6 9. cxd5 Qxd5 10. Nc3 Nxc3 11. bxc3 O-O 12. Bf4 Bxd3 13. Qxd3 Qd7 14. Rfe1
Bd6 15. Ng5 g6 16. Bxd6 cxd6 17. Re3 h6 18. Nh3 Rfe8 19. Rg3 Ne7 20. Nf4 Qf5 21.
Qf3 Kh7 22. h4 Rac8 23. Rh3 Rc7 24. g4 Qf6 25. Qe4 Rec8 26. Rc1 d5 27. Qe3 b5
28. Rf3 Qxh4 29. Ng2 Qg5 30. Rxf7+ Kg8 31. f4 Qxg4 32. Rxe7 Rxe7 33. Qxe7 h5 34.
Qg5 Qxg5 35. fxg5 b4 36. Ne3 Rxc3 37. Rxc3 bxc3 38. Kf2 Kf7 39. Ke2 Ke6 40. Kd3
h4 41. Kxc3 h3 42. Nf1 Kf5 43. Kd3 Kxg5 44. Ke3 Kg4 45. a4 a5 46. Kf2 Kf4 47.
Nd2 h2 48. Kg2 Ke3 49. Nb3 Kd3 50. Kxh2 Kc4 51. Nxa5+ Kxd4 52. Nb3+ Kc4 53. a5
Kb5 54. Kg2 d4 55. Kf3 g5 56. Ke4 g4 57. Kxd4 g3 58. Ke3 g2 59. Kf2 1-0

[Event "POLFINALY MISTRZOSTW POLSKI JUNIOROW 2021 C-15"]
[Site "Jatrzebia Gora"]
[Date "1899-12-30"]
[Round "3.4"]
[White "Dysko, Michal"]
[Black "Wydmanski, Szymon"]
[Result "0-1"]
[WhiteTitle "II"]
[BlackTitle "I"]
[WhiteElo "1222"]
[BlackElo "1735"]

1. e4 c5 2. Nf3 d6 3. d4 cxd4 4. Nxd4 Nf6 5. Nc3 a6 6. Bc4 e6 7. Bb3 Be7 8. O-O
O-O 9. Kh1 Bd7 10. f4 Nc6 11. Be3 b5 12. a3 Na5 13. Ba2 Nc4 14. Bxc4 bxc4 15.
Qe2 Qc7 16. Bg1 Rab8 17. Rab1 Rfe8 18. Na2 Bf8 19. Nf3 d5 20. exd5 exd5 21. Qd2
Bd6 22. g3 Bh3 23. Rfe1 Rxe1 24. Nxe1 Bxa3 25. Bd4 Bc5 26. Bxf6 gxf6 27. Qxd5
Rd8 28. Qf3 Bc8 29. Ng2 Rd2 30. Re1 Rxg2 31. Re8+ Kg7 32. Kxg2 Bb7 33. Re4 f5
34. Qc3+ Kg8 0-1

[Event "POLFINALY MISTRZOSTW POLSKI JUNIOROW 2021 C-15"]
[Site "Jatrzebia Gora"]
[Date "1899-12-30"]
[Round "3.5"]
[White "Trzebinski, Patryk"]
[Black "Pisarek, Jan"]
[Result "1-0"]
[WhiteTitle "I+"]
[BlackTitle "I"]
[WhiteElo "1767"]
[BlackElo "1583"]

1. e4 c5 2. Nf3 Nc6 3. d4 cxd4 4. Nxd4 Nf6 5. Nc3 e5 6. Ndb5 d6 7. Bg5 a6 8. Bxf6
gxf6 9. Na3 b5 10. Nd5 Bg7 11. Bd3 Be6 12. O-O f5 13. c4 bxc4 14. Nxc4 O-O 15.
Ndb6 Bxc4 16. Nxc4 Ne7 17. Ne3 f4 18. Nd5 Nxd5 19. exd5 f5 20. f3 Qb6+ 21. Kh1
Qxb2 22. Qa4 Rae8 23. Bxf5 Qb5 24. Qe4 h6 25. Rab1 Qa5 26. Rb7 Rf6 27. Rc1 Qd2
28. Rcb1 Qxa2 29. h3 Kh8 30. Rc7 Qf2 31. Rbb7 Qg3 32. Rxg7 Qxg7 33. Rxg7 Kxg7
34. Qa4 Re7 35. Be6 Kg6 36. Qxa6 Rfxe6 37. dxe6 Rxe6 38. Qc8 Rf6 39. Qg8+ 1-0

[Event "POLFINALY MISTRZOSTW POLSKI JUNIOROW 2021 C-15"]
[Site "Jatrzebia Gora"]
[Date "1899-12-30"]
[Round "3.6"]
[White "Wieckowski, Michal"]
[Black "Miler, Franciszek"]
[Result "1-0"]
[WhiteTitle "I"]
[BlackTitle "I"]
[WhiteElo "1698"]
[BlackElo "1479"]

1. d4 Nf6 2. c4 g6 3. Nc3 Bg7 4. e4 d6 5. Be2 O-O 6. Bg5 e5 7. dxe5 dxe5 8. Qxd8
Rxd8 9. Nd5 Nbd7 10. Nxc7 Rb8 11. Rd1 b6 12. f3 Bb7 13. Nd5 h6 14. Nxf6+ Nxf6
15. Rxd8+ Rxd8 16. Be3 Ne8 17. Nh3 f5 18. Nf2 Nd6 19. Bd3 f4 20. Bd2 Ba6 21. b3
Rc8 22. Bb4 Ne8 23. Nd1 Bf8 24. Bc3 Bd6 25. Bb2 Kf7 26. Ke2 Ke6 27. Nc3 Nc7 28.
Nd5 Nxd5 29. exd5+ Kf6 30. g3 fxg3 31. hxg3 h5 32. f4 Re8 33. Kd2 Bc8 34. Rf1
Bf5 35. Bxf5 gxf5 36. fxe5+ Bxe5 37. Bxe5+ Rxe5 38. Re1 Rxe1 39. Kxe1 Ke5 40.
Kf2 Kd6 1-0

[Event "POLFINALY MISTRZOSTW POLSKI JUNIOROW 2021 C-15"]
[Site "Jatrzebia Gora"]
[Date "1899-12-30"]
[Round "3.7"]
[White "Rumniak, Aleksy"]
[Black "Rzenca, Jerzy"]
[Result "1-0"]
[WhiteTitle "II"]
[BlackTitle "I"]
[WhiteElo "1204"]
[BlackElo "1568"]

1. e4 c6 2. d4 d5 3. exd5 cxd5 4. Bd3 Nc6 5. c3 Qc7 6. Nf3 Nf6 7. O-O Bg4 8. Re1
e6 9. Nbd2 Bd6 10. Nf1 O-O 11. Bg5 Rab8 12. h3 Bh5 13. Bh4 b5 14. Bg3 b4 15. Bxd6
Qxd6 16. Ng3 Bg6 17. Ne5 bxc3 18. bxc3 Bxd3 19. Nxd3 Qa3 20. Qd2 Na5 21. Reb1
Nc4 22. Qc2 Rb6 23. Rb4 Rfb8 24. Rab1 Nd7 25. Nc5 Nxc5 26. dxc5 Rxb4 27. cxb4
Rxb4 28. Rb3 Qa5 29. Nh5 Qxc5 30. Qc3 f6 31. Qxb4 1-0

[Event "POLFINALY MISTRZOSTW POLSKI JUNIOROW 2021 C-15"]
[Site "Jatrzebia Gora"]
[Date "1899-12-30"]
[Round "3.8"]
[White "Racis, Michal"]
[Black "Czak, Dominik"]
[Result "1-0"]
[WhiteTitle "I"]
[BlackTitle "II"]
[WhiteElo "1820"]
[BlackElo "1456"]

1. Nf3 Nf6 2. d4 c5 3. e3 g6 4. c4 Bg7 5. Nc3 O-O 6. Be2 d6 7. O-O Bf5 8. Re1 Nc6
9. Bf1 Nb4 10. e4 Bg4 11. d5 Nd7 12. a3 Na6 13. h3 Bxf3 14. Qxf3 Ne5 15. Qg3 f5
16. f4 Nd7 17. exf5 Rxf5 18. Bd3 Rf7 19. Ne4 Bd4+ 20. Kh1 Nf6 21. Ng5 Nh5 22.
Qh4 Bf6 23. g4 Bxg5 24. Qxg5 Nf6 25. f5 Qa5 26. Bd2 Qb6 27. fxg6 hxg6 28. Bc3
Raf8 29. Bxg6 Rg7 30. Qh6 e5 31. dxe6 Qc7 32. Bf7+ Rfxf7 33. exf7+ Qxf7 34. Qxf6
1-0

[Event "POLFINALY MISTRZOSTW POLSKI JUNIOROW 2021 C-15"]
[Site "Jatrzebia Gora"]
[Date "1899-12-30"]
[Round "3.9"]
[White "Cieply, Krzysztof"]
[Black "Halhoul, Adam"]
[Result "1-0"]
[WhiteTitle "I"]
[BlackTitle "I"]
[WhiteElo "1487"]
[BlackElo "1777"]

1. e4 c5 2. Nf3 Nc6 3. d4 cxd4 4. Nxd4 g6 5. Nc3 Bg7 6. Be3 Nf6 7. Bc4 d6 8. O-O
O-O 9. h3 Bd7 10. Be2 a6 11. a4 Rc8 12. Qd2 Na5 13. Bh6 Bxh6 14. Qxh6 Qb6 15.
Nb3 Nxb3 16. cxb3 Qxb3 17. Qd2 Be6 18. Rfc1 Rfd8 19. Bf3 Qb6 20. Nd5 Bxd5 21.
exd5 Rc5 22. b4 Rc7 23. a5 Rxc1+ 24. Rxc1 Qb5 25. Rc7 Rd7 26. Rc8+ Kg7 27. Bg4
Nxg4 28. hxg4 f6 29. g5 Qa4 30. Qe1 Qa2 31. Qe6 Qa1+ 32. Kh2 Qe5+ 33. g3 Qxg5
34. Rg8+ Kh6 35. Qxd7 Qxd5 36. Qh3+ Kg5 37. f4# 1-0

[Event "POLFINALY MISTRZOSTW POLSKI JUNIOROW 2021 C-15"]
[Site "Jatrzebia Gora"]
[Date "1899-12-30"]
[Round "3.10"]
[White "Borowik, Karol"]
[Black "Goral, Jan"]
[Result "0-1"]
[WhiteTitle "II"]
[BlackTitle "I"]
[WhiteElo "1455"]
[BlackElo "1672"]

1. d4 Nf6 2. c4 e6 3. Nf3 Bb4+ 4. Nbd2 O-O 5. a3 Bxd2+ 6. Qxd2 d6 7. e3 Qe7 8.
b3 a5 9. Bb2 Nbd7 10. Be2 b6 11. O-O Bb7 12. Rfc1 Ne4 13. Qc2 f5 14. Bd3 c5 15.
Re1 Ndf6 16. Nd2 e5 17. d5 Nxd2 18. Qxd2 e4 19. Be2 Nd7 20. Bc3 Ne5 21. Rab1 Ba6
22. a4 Rad8 23. Ra1 Bc8 24. Ra2 Rde8 25. Rc2 Rf6 26. Rcc1 Rh6 27. Bxe5 Qxe5 28.
g3 Qf6 29. Kg2 g5 30. Rh1 Rf8 31. Qc3 Qg6 32. Rcg1 f4 33. Kf1 f3 34. Bd1 Bh3+
35. Ke1 Bg2 36. Bc2 Bxh1 37. Rxh1 Re8 38. Kd2 Kf7 39. h3 Qf5 40. g4 Qg6 41. Qa1
Rh4 42. Qg1 Qf6 43. Qg3 Qe5 44. Rh2 Kf6 45. Rh1 Re7 46. Rh2 Rg7 47. Rh1 Rg6 48.
Rh2 Rgh6 49. Rh1 Qxg3 50. fxg3 Rxh3 51. Rxh3 Rxh3 52. Bxe4 Rxg3 53. Ke1 Ke5 54.
Bxh7 Rxg4 55. Kf2 Rh4 56. Bd3 g4 57. Kg3 Rh1 58. Kf2 Rh2+ 59. Kg3 Rg2+ 60. Kh4
g3 61. Kg4 f2 62. Kf3 Rg1 63. Be2 f1=Q+ 64. Bxf1 Rxf1+ 65. Kxg3 Ke4 0-1

[Event "POLFINALY MISTRZOSTW POLSKI JUNIOROW 2021 C-15"]
[Site "Jatrzebia Gora"]
[Date "1899-12-30"]
[Round "3.11"]
[White "Malinowski, Szymon"]
[Black "Trochimczuk, Szymon"]
[Result "1-0"]
[WhiteTitle "I"]
[BlackTitle "II+"]
[WhiteElo "1601"]
[BlackElo "1493"]

1. d4 d5 2. Nf3 Nf6 3. Bf4 c5 4. c3 e6 5. e3 Bd6 6. Bg3 Qc7 7. Bd3 Nbd7 8. Nbd2
O-O 9. O-O e5 10. e4 exd4 11. cxd4 Bxg3 12. hxg3 dxe4 13. Nxe4 Nxe4 14. Bxe4 Nf6
15. Qc2 Nxe4 16. Qxe4 cxd4 17. Ng5 f5 18. Qxd4 h6 19. Qd5+ Kh8 20. Nf3 Rd8 21.
Qb3 Bd7 22. Rfe1 Re8 23. Qf7 Rf8 24. Qh5 Be8 25. Qh4 Qf7 26. Re7 Qf6 27. Qxf6
Rxf6 28. Rxb7 Bc6 29. Rc7 Bxf3 30. gxf3 Rb8 31. b3 Ra6 32. Rf7 Rxb3 33. Rxf5 Rba3
34. Rc1 Rxa2 35. Rc7 Rg6 36. Rff7 a6 37. Ra7 Ra5 38. f4 h5 39. f5 Rf6 40. Rxg7
Raxf5 41. f4 Rh6 42. Kg2 a5 43. Rge7 Rg6 44. Kh3 Rg4 45. Re8+ Rg8 46. Re6 Rg7
47. Rh6+ Kg8 48. Ra8+ Kf7 49. Rha6 Rf6 50. R6a7+ Kg6 51. Rxa5 Rb7 52. Rg5+ Kf7
53. Rxh5 Rb3 54. Ra7+ Kg6 55. Rg5+ Kh6 56. Kg4 Rb4 57. Rh5+ Kg6 58. Rah7 1-0

[Event "POLFINALY MISTRZOSTW POLSKI JUNIOROW 2021 C-15"]
[Site "Jatrzebia Gora"]
[Date "1899-12-30"]
[Round "3.12"]
[White "Daszkiewicz, Adrian"]
[Black "Gbiorczyk, Mikolaj"]
[Result "0-1"]
[WhiteTitle "I"]
[BlackTitle "II"]
[WhiteElo "1564"]
[BlackElo "1487"]

1. e4 c5 2. Nf3 g6 3. d4 cxd4 4. Nxd4 Nc6 5. Be3 Nf6 6. Nc3 Bg7 7. f3 O-O 8. Bc4
Qa5 9. Bb3 a6 10. Qd2 d6 11. h4 h5 12. O-O-O Bd7 13. Kb1 Rfc8 14. Na4 Qxd2 15.
Rxd2 Nxd4 16. Bxd4 Bxa4 17. Bxa4 Ne8 18. Bb6 Rc4 19. Bb3 Rc6 20. Be3 Nf6 21. Rg1
Rac8 22. Rgd1 Nd7 23. f4 Nc5 24. Bxc5 Rxc5 25. Rd5 Bf6 26. g3 Kf8 27. Rf1 Rxd5
28. Bxd5 Rc5 29. Rf3 Rb5 30. Rb3 Rxb3 31. axb3 b6 32. c3 e5 33. f5 gxf5 34. exf5
e4 35. Bxe4 Be5 36. g4 hxg4 37. Kc2 Kg7 38. Kd3 Kh6 39. b4 Kh5 40. Bd5 f6 41.
Ke3 Kxh4 42. Kf2 Kg5 43. Be6 Kf4 44. Bc8 a5 45. bxa5 bxa5 46. b4 a4 47. b5 Bxc3
48. b6 Ba5 49. b7 Bc7 50. Be6 a3 51. Kg2 Ke5 52. Bb3 Kxf5 53. Bd5 Ke5 54. Ba2
d5 0-1

[Event "POLFINALY MISTRZOSTW POLSKI JUNIOROW 2021 C-15"]
[Site "Jatrzebia Gora"]
[Date "1899-12-30"]
[Round "3.13"]
[White "Turowski, Maciej"]
[Black "Choina, Jan"]
[Result "0-1"]
[WhiteTitle "II+"]
[BlackTitle "II"]
[WhiteElo "1540"]
[BlackElo "1485"]

1. c4 c5 2. g3 Nc6 3. Bg2 g6 4. e3 Bg7 5. Ne2 e6 6. Nbc3 Nge7 7. d4 cxd4 8. exd4
d5 9. cxd5 Nxd5 10. O-O O-O 11. Qb3 Na5 12. Qd1 Nc6 13. Be3 Nxe3 14. fxe3 Qg5
15. Qd3 Bh6 16. Nf4 e5 17. Ne4 Qd8 18. Nd5 f5 19. Nef6+ Rxf6 20. Nxf6+ Qxf6 21.
Qb3+ Kh8 22. d5 Nd8 23. e4 Qb6+ 24. Qxb6 axb6 25. Rfe1 Nf7 26. a4 Bd7 27. b3 Nd6
28. Ra2 fxe4 29. Bxe4 Nxe4 30. Rxe4 Bg7 31. Rb4 Bf8 32. Rc4 Bd6 33. Rac2 Ra5 34.
Rd2 Bc5+ 35. Kg2 Bd4 36. Rc7 Rxd5 37. Rxb7 Bc6 38. Ra7 Rd7+ 0-1